Statistics for Minecraft Items by Picture #1

Click here to take the quiz!

General Stats

  • This quiz has been taken 72 times
  • The average score is 17 of 20

Answer Stats

Answer% Correct
Bone
96%
Bucket
96%
Egg
96%
Iron Helmet
96%
Minecart
95%
Compass
93%
Spider Eye
93%
Stone Shovel
93%
Cooked Rabbit
91%
Eye of Ender
91%
Item Frame
91%
Totem of Undying
87%
Blaze Powder
85%
Charcoal
85%
Golden Horse Armor
82%
Poisonous Potato
78%
Wheat Seeds
75%
Magma Cream
71%
Dragon's Breath
62%
Firework Rocket
58%

Score Distribution

Percentile by Number Answered

Percent of People with Each Score

Your Score History

You have not taken this quiz